000 00929nam a2200265 4500
001 0000023449
003 CO-CtgCURN
005 20250429224115.0
007 ta
008 160627s2007 000 0 eng d
040 _aCO-CtgCURN
_bspa
_ccoctgcurn
082 0 _a398.209861
_bO837c
100 1 _aOsorio López, Leonidas.
245 1 0 _aCuentos, mitos y leyendas :
_bdel pueblo San Estanislao de Kostka /
_cLeonidas Osorio López.
260 _a[s. l.] :
_bCentro Grafico de la Costa,
_c2007.
300 _a255 p.
336 _2rdacontent
337 _2rdamedia
_asin mediacion
_bn
338 _2rdacarrier
_avolumen
_bnc
505 8 _aHistorias, anecdotas y poesias lugareñas.--Estampas lugareñas cuentos, relatos y poesias
650 1 4 _aCuentos populares colombianos.
908 _a160627
942 _cBK
_h398.209861
_iO837c
_2ddc
999 _c39184
_d39184